01398nam a2200265uu 4500001000800000005001700008008004100025035001200066035002100078040001300099041000800112080000600120080000600126100003500132245017100167260005400338300002700392520049500419650002800914650004500942650002700987650003901014650004101053700003801094102993520260507074942.0070522e20060522 spa  a1029935 a(OCoLC)777609284 ccomduadb aspa aG aD10aManquián, Adelaida4auteaut10aVerdad y género : Las comisiones de la verdad en América Latina: una aproximación desde el enfoque de género: Argentina, Chile, El Salvador, Guatemala, Perú aBucaramanga :bFundación Mujer y Futuro,c2006. a52 páginas :btablas3 aLa Fundación Mujer y Futuro, organización no gubernamental con sede en Bucaramanga, cuya misión institucional se orienta a la defensa de los derechos de las mujeres y la construcción de una sociedad con equidad social y de género en el nororiente colombiano, presenta este trabajo como un aporte al debate actual que vive el país, en torno a la urgencia de encontrar mecanismos y estrategias de conocimiento de la verdad, tomando como criterio el enfoque de equidad de género. aComisión de la Verdad 7aDerechos humanoszAmérica Latina2lemb 7aReconciliación2lemb 7aTransversalidad de género2embne aAmérica Latina - Aspectos sociales10aAlarcon Jeraldo, Ingrid4auteaut